000 nam a22 7a 4500
999 _c28214
_d28214
008 170222b xxu||||| |||| 00| 0 eng d
020 _a1572327979
050 _aQA 135.5 .D35 1988
100 _aDoug, Clements
_d1988
245 _a2-D Geometry Picturing Polygons/
250 _a1st ed.
260 _aNew York:
_bDale seymour,
_c1988.
300 _avi,217p. :ill.
_c28cm
650 _aMathematics
700 _aTierney
942 _2lcc
_cBOOKS
_hQA 135.5 .D35 1988